[Event "Trieste op 13th"]
[Site "Trieste"]
[Date "2011.09.08"]
[Round "7"]
[White "Castelfranchi, Carlo"]
[Black "De Val, Daniele"]
[Result "1-0"]
[WhiteElo "2057"]
[BlackElo "2220"]
[PlyCount "73"]
[EventDate "2011.09.03"]
[EventType "swiss"]
[EventRounds "9"]
[EventCountry "ITA"]
[SourceTitle "CBM 144 Extra"]
[Source "ChessBase"]
[SourceDate "2011.10.28"]
[SourceVersion "1"]
[SourceVersionDate "2011.10.28"]
[SourceQuality "1"]

1. e4 e6 2. d4 d5 3. Nd2 Nf6 4. e5 Nfd7 5. Bd3 c5 6. c3 Nc6 7. Ngf3 g6 8. h4 h6 9. Rh3 Qb6 10. Kf1 Bg7 11. Rg3 cxd4 12. cxd4 Nxd4 13. Nxd4 Qxd4 14. Nf3 Qb6 15. Be3 Qxb2 16. Bd4 Qa3 17. Qc2 Qe7 18. Rc1 0-0 19. Qe2 b6 20. h5 g5 21. Bb1 f5 22. exf6 Bxf6 23. Rc6 e5 24. Rxf6 Qxf6 25. Qc2 Rf7 26. Be3 Nc5 27. Nxg5 hxg5 28. Rxg5+ Kf8 29. Rg6 Qe7 30. Bh6+ Ke8 31. Bg5 Qf8 32. Qb2 Qh8 33. h6 d4 34. Qb5+ Bd7 35. Qc4 Rc8 36. Qd5 Bc6 37. Rxc6 1-0

[Event "Trieste op 13th"]
[Site "Trieste"]
[Date "2011.09.07"]
[Round "6"]
[White "De Val, Daniele"]
[Black "Bensch, Patrick"]
[Result "0-1"]
[WhiteElo "2220"]
[BlackElo "2175"]
[PlyCount "100"]
[EventDate "2011.09.03"]
[EventType "swiss"]
[EventRounds "9"]
[EventCountry "ITA"]
[SourceTitle "CBM 144 Extra"]
[Source "ChessBase"]
[SourceDate "2011.10.28"]
[SourceVersion "1"]
[SourceVersionDate "2011.10.28"]
[SourceQuality "1"]

1. c4 Nf6 2. g3 d5 3. cxd5 Nxd5 4. Bg2 Nc6 5. Nc3 Nb6 6. b3 g6 7. Bb2 Bg7 8. Nf3 0-0 9. 0-0 a5 10. d3 e5 11. Nd2 Nd4 12. Nc4 Nxc4 13. dxc4 c6 14. e3 Nf5 15. Ba3 Re8 16. Qe2 Be6 17. Rad1 Qc7 18. Rd2 Red8 19. Rfd1 h5 20. Na4 Bf8 21. Bc5 Bxc5 22. Nxc5 Rxd2 23. Qxd2 Ng7 24. Bf3 Bf5 25. Qd6 Qxd6 26. Rxd6 Rb8 27. Nd7 Bxd7 28. Rxd7 Ne6 29. Kf1 Kf8 30. Bd1 Ke8 31. Rd2 Ke7 32. Ke2 b5 33. cxb5 cxb5 34. a3 b4 35. Rd5 a4 36. axb4 axb3 37. Bxb3 Rxb4 38. Ba2 Rb2+ 39. Rd2 Rxd2+ 40. Kxd2 Ng5 41. Kd3 f5 42. h4 Ne4 43. f4 Kf6 44. fxe5+ Kxe5 45. Bf7 Kf6 46. Bd5 Nxg3 47. Kd4 g5 48. hxg5+ Kxg5 49. Ke5 h4 50. Bg2 Kg4 0-1

[Event "Trieste op 13th"]
[Site "Trieste"]
[Date "2011.09.04"]
[Round "2"]
[White "De Val, Daniele"]
[Black "Khmelniker, Ilya"]
[Result "0-1"]
[WhiteElo "2220"]
[BlackElo "2518"]
[PlyCount "50"]
[EventDate "2011.09.03"]
[EventType "swiss"]
[EventRounds "9"]
[EventCountry "ITA"]
[SourceTitle "CBM 144 Extra"]
[Source "ChessBase"]
[SourceDate "2011.10.28"]
[SourceVersion "1"]
[SourceVersionDate "2011.10.28"]
[SourceQuality "1"]

1. c4 Nf6 2. g3 e5 3. Bg2 Nc6 4. Nc3 g6 5. e4 Bg7 6. Nge2 d6 7. d3 Nd7 8. Be3 Nc5 9. Nb5 a6 10. Na3 0-0 11. 0-0 f5 12. Qd2 Be6 13. exf5 Bxf5 14. d4 Ne4 15. Qd1 Nf6 16. dxe5 Nxe5 17. Nd4 Bg4 18. Qb3 c5 19. f4 cxd4 20. fxe5 dxe5 21. c5+ Kh8 22. Bxb7 dxe3 23. Bxa8 Qxa8 24. Qxe3 Bh3 25. Rf2 Ng4 0-1

[Event "Trieste op 13th"]
[Site "Trieste"]
[Date "2011.09.03"]
[Round "1"]
[White "Franca, Veronika"]
[Black "De Val, Daniele"]
[Result "0-1"]
[WhiteElo "1833"]
[BlackElo "2220"]
[PlyCount "76"]
[EventDate "2011.09.03"]
[EventType "swiss"]
[EventRounds "9"]
[EventCountry "ITA"]
[SourceTitle "CBM 144 Extra"]
[Source "ChessBase"]
[SourceDate "2011.10.28"]
[SourceVersion "1"]
[SourceVersionDate "2011.10.28"]
[SourceQuality "1"]

1. d4 e6 2. c4 f5 3. Nc3 Nf6 4. g3 d5 5. cxd5 exd5 6. Bg2 c6 7. Nf3 Bd6 8. 0-0 0-0 9. e3 Nbd7 10. Rb1 Ne4 11. Nd2 Ndf6 12. f3 Nxd2 13. Bxd2 Bc7 14. b4 h5 15. Be1 h4 16. Bf2 hxg3 17. hxg3 Nh5 18. f4 Nf6 19. Bf3 g5 20. Kg2 Rf7 21. Rg1 Rg7 22. Kf1 Kf7 23. Ke1 Ng4 24. Bxg4 fxg4 25. Kd2 Bf5 26. Rb2 Qe7 27. b5 Ba5 28. bxc6 Bxc3+ 29. Kxc3 Rc8 30. Qb3 Qe4 31. Kd2 bxc6 32. Qa3 Kg8 33. fxg5 Rh7 34. Qa6 Rh2 35. Ke1 Rxf2 36. Rxf2 Rb8 37. Rxf5 Qb1+ 38. Kd2 Rb2+ 0-1

[Event "Trieste op 12th"]
[Site "Trieste"]
[Date "2010.09.08"]
[Round "6"]
[White "De Val, Daniele"]
[Black "Sorbera, Giovanni"]
[Result "0-1"]
[WhiteElo "2249"]
[BlackElo "2010"]
[PlyCount "110"]
[EventDate "2010.09.04"]
[EventType "swiss"]
[EventRounds "9"]
[EventCountry "ITA"]
[SourceTitle "CBM 138 Extra"]
[Source "ChessBase"]
[SourceDate "2010.10.29"]
[SourceVersion "1"]
[SourceVersionDate "2010.10.29"]
[SourceQuality "1"]

1. d4 Nf6 2. Bg5 d5 3. Nd2 Nbd7 4. Ngf3 g6 5. e3 Bg7 6. Bd3 0-0 7. 0-0 Re8 8. c4 c6 9. cxd5 Nxd5 10. a3 b5 11. Rc1 Bb7 12. e4 N5b6 13. Nb3 Na4 14. Qe2 a6 15. Rc2 Qc7 16. Rfc1 Rac8 17. Nbd2 e5 18. d5 c5 19. b3 Nab6 20. a4 Nxd5 21. exd5 e4 22. Bxe4 f5 23. d6 Qb8 24. Be7 fxe4 25. Ng5 Bf6 26. Ndxe4 Bxe7 27. dxe7 Qe5 28. Re1 h6 29. Nf3 Qxe7 30. Nfd2 Bc6 31. axb5 axb5 32. Rc3 Nf6 33. f3 Kg7 34. Qf2 Bd5 35. Rce3 Nxe4 36. Nxe4 Bxe4 37. Rxe4 Qf7 38. Qb2+ Kh7 39. h4 Rxe4 40. Rxe4 Re8 41. Rg4 h5 42. Rg5 Re1+ 43. Kf2 Qf4 44. Rxh5+ gxh5 45. Kxe1 Qxh4+ 46. Ke2 Qg5 47. Qc2+ Kh6 48. Kf2 Qd5 49. Qc3 Kg6 50. Ke3 h4 51. Qc2+ Kf6 52. f4 Qd4+ 53. Kf3 c4 54. bxc4 bxc4 55. g4 Qd3+ 0-1

[Event "Trieste op 12th"]
[Site "Trieste"]
[Date "2010.09.07"]
[Round "5"]
[White "Fehr, Axel"]
[Black "De Val, Daniele"]
[Result "1/2-1/2"]
[WhiteElo "2147"]
[BlackElo "2249"]
[PlyCount "65"]
[EventDate "2010.09.04"]
[EventType "swiss"]
[EventRounds "9"]
[EventCountry "ITA"]
[SourceTitle "CBM 138 Extra"]
[Source "ChessBase"]
[SourceDate "2010.10.29"]
[SourceVersion "1"]
[SourceVersionDate "2010.10.29"]
[SourceQuality "1"]

1. c4 e6 2. Nf3 d5 3. g3 Nf6 4. Bg2 Be7 5. 0-0 0-0 6. d4 c5 7. cxd5 exd5 8. Nc3 Nc6 9. Bg5 cxd4 10. Nxd4 h6 11. Be3 Re8 12. h3 Be6 13. Qa4 Bd7 14. Rad1 Nb4 15. Qb3 a5 16. Rd2 a4 17. Qd1 a3 18. bxa3 Rxa3 19. Ndb5 Ra5 20. a4 Be6 21. Bd4 Qc8 22. Kh2 Ra6 23. Bxf6 Bxf6 24. Nxd5 Nxd5 25. Bxd5 Bxh3 26. Bxb7 Qxb7 27. Kxh3 Re5 28. f3 Qa8 29. Kg2 Rxa4 30. Nc7 Qa5 31. Nd5 Be7 32. Nxe7+ Rxe7 33. g4 1/2-1/2

[Event "Trieste op 12th"]
[Site "Trieste"]
[Date "2010.09.06"]
[Round "4"]
[White "Pregarac, Valter"]
[Black "De Val, Daniele"]
[Result "1/2-1/2"]
[WhiteElo "2122"]
[BlackElo "2249"]
[PlyCount "183"]
[EventDate "2010.09.04"]
[EventType "swiss"]
[EventRounds "9"]
[EventCountry "ITA"]
[SourceTitle "CBM 138 Extra"]
[Source "ChessBase"]
[SourceDate "2010.10.29"]
[SourceVersion "1"]
[SourceVersionDate "2010.10.29"]
[SourceQuality "1"]

1. d4 d5 2. c4 e6 3. Nc3 c5 4. e3 Nf6 5. Nf3 a6 6. a3 dxc4 7. dxc5 Qxd1+ 8. Kxd1 Bxc5 9. Bxc4 b5 10. Bd3 Bb7 11. Ke2 0-0 12. h3 Nbd7 13. e4 Be7 14. b4 Rac8 15. Bb2 Nb6 16. Nd2 Nfd7 17. f4 f5 18. Rhf1 e5 19. fxe5 Nxe5 20. Nd5 Nxd5 21. Bxe5 Nc3+ 22. Bxc3 Rxc3 23. Rfc1 Bf6 24. Rxc3 Bxc3 25. Ra2 Re8 26. Ke3 Kf7 27. Rc2 Bxd2+ 28. Rxd2 Bxe4 29. Bxe4 Rxe4+ 30. Kf3 Ke6 31. Rd8 Rc4 32. Re8+ Kf6 33. Rf8+ Ke6 34. Re8+ Kd5 35. Rd8+ Ke5 36. Re8+ Kf6 37. Rf8+ Kg5 38. h4+ Kxh4 39. Rxf5 Rc3+ 40. Kf2 Rxa3 41. Rf7 Rg3 42. Rf4+ Rg4 43. g3+ Kg5 44. Rf7 Kg6 45. Ra7 Rxb4 46. Rxa6+ Kh5 47. Ra7 Kh6 48. Rb7 Rb1 49. Kg2 b4 50. Kh2 b3 51. Kg2 b2 52. Kh2 Kg6 53. Rb6+ Kf5 54. Rb7 Ke4 55. Re7+ Kd5 56. Rb7 h5 57. Rb5+ Kc4 58. Rb8 Kd4 59. Rb4+ Ke5 60. Rb5+ Kf6 61. Rb6+ Kg5 62. Rb5+ Kg4 63. Kg2 g6 64. Rb4+ Kf5 65. Rb5+ Ke4 66. Rb4+ Kd3 67. Rb8 Rc1 68. Rxb2 Rc6 69. Rb3+ Ke4 70. Rb4+ Kf5 71. Rb5+ Kg4 72. Rb4+ Kg5 73. Rb5+ Kf6 74. Rb2 Re6 75. Ra2 Re5 76. Rb2 Rg5 77. Rb6+ Kg7 78. Rb4 Kh6 79. Kh3 Re5 80. Rb2 Re3 81. Kg2 Kg5 82. Ra2 Kf5 83. Ra5+ Re5 84. Ra2 g5 85. Rb2 Ke4 86. Ra2 Rd5 87. Re2+ Kd4 88. Re8 Re5 89. Rd8+ Kc3 90. Kf3 h4 91. gxh4 gxh4 92. Rh8 1/2-1/2

[Event "Trieste op 12th"]
[Site "Trieste"]
[Date "2010.09.05"]
[Round "2"]
[White "Ivanovic, Andrej"]
[Black "De Val, Daniele"]
[Result "1-0"]
[WhiteElo "1898"]
[BlackElo "2249"]
[PlyCount "105"]
[EventDate "2010.09.04"]
[EventType "swiss"]
[EventRounds "9"]
[EventCountry "ITA"]
[SourceTitle "CBM 138 Extra"]
[Source "ChessBase"]
[SourceDate "2010.10.29"]
[SourceVersion "1"]
[SourceVersionDate "2010.10.29"]
[SourceQuality "1"]

1. Nf3 d5 2. g3 c5 3. c4 e6 4. cxd5 exd5 5. d4 Nc6 6. Bg2 Nf6 7. 0-0 Be7 8. Nc3 0-0 9. dxc5 Bxc5 10. Bg5 d4 11. Bxf6 Qxf6 12. Ne4 Qe7 13. Nxc5 Qxc5 14. Qd2 Bg4 15. Rac1 Qb6 16. Rfd1 Rad8 17. h3 Be6 18. b3 Bd5 19. Qb2 Rd7 20. Rd2 Rfd8 21. Rcd1 h6 22. Nxd4 Nxd4 23. Rxd4 Be6 24. Rxd7 Rxd7 25. Rxd7 Bxd7 26. Qe5 Bc6 27. Bxc6 bxc6 28. Qe8+ Kh7 29. Qxf7 Qa5 30. Kh2 Qxa2 31. e4 Qb2 32. Qf5+ Kg8 33. e5 Qxb3 34. Qc8+ Kf7 35. Qd7+ Kg6 36. Qxc6+ Kf5 37. Qd7+ Qe6 38. Qxa7 Qxe5 39. Qf7+ Ke4 40. Kg2 Kd3 41. Qb3+ Kd2 42. h4 g5 43. Qb4+ Kd3 44. Qg4 gxh4 45. Qxh4 h5 46. Qd8+ Ke2 47. Qa8 Kd3 48. Qf3+ Kd4 49. Kh3 Qg5 50. Qd1+ Ke4 51. Qe2+ Kd4 52. f4 Qf5+ 53. Kh4 1-0

[Event "SLO-chT2 West"]
[Site "Postojna"]
[Date "2009.11.07"]
[Round "8.2"]
[White "De Val, Daniele"]
[Black "Hlad, Jadran"]
[Result "1/2-1/2"]
[WhiteElo "2241"]
[BlackElo "2118"]
[PlyCount "30"]
[EventDate "2009.10.23"]
[EventType "team-tourn"]
[EventRounds "9"]
[EventCountry "SLO"]
[SourceTitle "EXT 2010"]
[Source "ChessBase"]
[SourceDate "2010.11.25"]
[SourceVersion "1"]
[SourceVersionDate "2010.11.25"]
[SourceQuality "1"]
[WhiteTeam "Sezana"]
[BlackTeam "Postojna"]
[WhiteTeamCountry "SLO"]
[BlackTeamCountry "SLO"]

1. d4 Nf6 2. Bg5 d5 3. c4 c6 4. cxd5 cxd5 5. Nc3 e6 6. e3 Be7 7. Bd3 Nbd7 8. f4 a6 9. Nf3 0-0 10. 0-0 b5 11. a3 Bb7 12. Ne5 Ne4 13. Bxe4 dxe4 14. Bxe7 Qxe7 15. Nxd7 Qxd7 1/2-1/2

[Event "SLO-chT2 West"]
[Site "Postojna"]
[Date "2009.11.06"]
[Round "6.2"]
[White "De Val, Daniele"]
[Black "Borisek, Anze"]
[Result "1-0"]
[WhiteElo "2241"]
[BlackElo "1793"]
[PlyCount "40"]
[EventDate "2009.10.23"]
[EventType "team-tourn"]
[EventRounds "9"]
[EventCountry "SLO"]
[SourceTitle "EXT 2010"]
[Source "ChessBase"]
[SourceDate "2010.11.25"]
[SourceVersion "1"]
[SourceVersionDate "2010.11.25"]
[SourceQuality "1"]
[WhiteTeam "Sezana"]
[BlackTeam "Podpec"]
[WhiteTeamCountry "SLO"]
[BlackTeamCountry "SLO"]

1. d4 e6 2. c4 f5 3. g3 Nf6 4. Bg2 d5 5. Nh3 c6 6. Qc2 Bd6 7. 0-0 0-0 8. Bf4 b6 9. Nd2 Ne4 10. Nf3 Bb7 11. Rfd1 Qe7 12. Bxd6 Qxd6 13. Ne5 Nd7 14. c5 bxc5 15. Nxd7 Qxd7 16. f3 Nd6 17. dxc5 Ba6 18. Kf2 Rab8 19. b3 Nf7 20. Rac1 Rfc8 1-0

[Event "SLO-chT2 West"]
[Site "Postojna"]
[Date "2009.10.25"]
[Round "4.1"]
[White "Vodopivec, Vladimir"]
[Black "De Val, Daniele"]
[Result "0-1"]
[WhiteElo "2145"]
[BlackElo "2241"]
[PlyCount "64"]
[EventDate "2009.10.23"]
[EventType "team-tourn"]
[EventRounds "9"]
[EventCountry "SLO"]
[SourceTitle "EXT 2010"]
[Source "ChessBase"]
[SourceDate "2010.11.25"]
[SourceVersion "1"]
[SourceVersionDate "2010.11.25"]
[SourceQuality "1"]
[WhiteTeam "Nova Gorica"]
[BlackTeam "Sezana"]
[WhiteTeamCountry "SLO"]
[BlackTeamCountry "SLO"]

1. e4 e6 2. d4 d5 3. Nd2 Nf6 4. e5 Nfd7 5. Bd3 c5 6. c3 Nc6 7. Ndf3 cxd4 8. cxd4 f6 9. exf6 Nxf6 10. Ne2 Bd6 11. 0-0 Qc7 12. Ng3 0-0 13. Be3 Bd7 14. Rc1 Rae8 15. Bb1 Qb8 16. Bg5 Bf4 17. Rc3 Bxg5 18. Nxg5 Qf4 19. Nf3 e5 20. dxe5 Nxe5 21. Nxe5 Qxe5 22. Rb3 Ba4 23. Qd3 Bxb3 24. Qxb3 b6 25. h3 Kh8 26. Qd3 Ne4 27. f3 Qxg3 28. fxe4 Qxd3 29. Rxf8+ Rxf8 30. Bxd3 dxe4 31. Bxe4 Re8 32. Bd3 Re3 0-1

[Event "Trieste op 10th"]
[Site "Trieste"]
[Date "2008.09.05"]
[Round "7"]
[White "Stantic, Severino"]
[Black "De Val, Daniele"]
[Result "0-1"]
[WhiteElo "2024"]
[BlackElo "2233"]
[PlyCount "60"]
[EventDate "2008.08.31"]
[EventType "swiss"]
[EventRounds "9"]
[EventCountry "ITA"]
[SourceTitle "CBM 126 Extra"]
[Source "ChessBase"]
[SourceDate "2008.11.05"]
[SourceVersion "1"]
[SourceVersionDate "2008.11.05"]
[SourceQuality "1"]

1. c4 g6 2. Nc3 Bg7 3. e4 e5 4. d3 d6 5. Nge2 f5 6. f4 Nc6 7. Be3 fxe4 8. dxe4 Be6 9. Nd5 Nf6 10. Nec3 0-0 11. Be2 Nd4 12. 0-0 Nxe2+ 13. Qxe2 c6 14. Nxf6+ Qxf6 15. f5 gxf5 16. exf5 Bxf5 17. Qd2 Qg6 18. Rf3 Qe6 19. Rg3 Kh8 20. Bg5 Bf6 21. Rf1 Bxg5 22. Qxg5 Bg6 23. Rgf3 Rxf3 24. Rxf3 Re8 25. Qh6 Qe7 26. h4 Qg7 27. Qg5 Rg8 28. Qd2 e4 29. Rg3 Qf6 30. h5 Bf5 0-1

[Event "Trieste op 10th"]
[Site "Trieste"]
[Date "2008.09.04"]
[Round "6"]
[White "De Val, Daniele"]
[Black "Vrhovnik, Damir"]
[Result "1-0"]
[WhiteElo "2233"]
[BlackElo "1996"]
[PlyCount "59"]
[EventDate "2008.08.31"]
[EventType "swiss"]
[EventRounds "9"]
[EventCountry "ITA"]
[SourceTitle "CBM 126 Extra"]
[Source "ChessBase"]
[SourceDate "2008.11.05"]
[SourceVersion "1"]
[SourceVersionDate "2008.11.05"]
[SourceQuality "1"]

1. d4 Nf6 2. Bg5 d6 3. Bxf6 exf6 4. e3 Be7 5. g3 0-0 6. Bg2 Nc6 7. Ne2 Re8 8. 0-0 Bf5 9. c4 Qd7 10. Nf4 Bf8 11. Nc3 Rab8 12. Qa4 a6 13. b4 Ne7 14. Qb3 Ng6 15. Nxg6 hxg6 16. Rfc1 g5 17. c5 Bh3 18. Bh1 f5 19. Qc4 f4 20. exf4 gxf4 21. c6 bxc6 22. Bxc6 Qg4 23. Nd5 fxg3 24. hxg3 Re6 25. Bd7 c6 26. Bxe6 fxe6 27. Nf4 d5 28. Qxc6 Rxb4 29. Re1 Rxd4 30. Nxh3 1-0

[Event "Trieste op 10th"]
[Site "Trieste"]
[Date "2008.09.03"]
[Round "5"]
[White "Hrzica, Rok"]
[Black "De Val, Daniele"]
[Result "1-0"]
[WhiteElo "2285"]
[BlackElo "2233"]
[PlyCount "81"]
[EventDate "2008.08.31"]
[EventType "swiss"]
[EventRounds "9"]
[EventCountry "ITA"]
[SourceTitle "CBM 126 Extra"]
[Source "ChessBase"]
[SourceDate "2008.11.05"]
[SourceVersion "1"]
[SourceVersionDate "2008.11.05"]
[SourceQuality "1"]

1. e4 g6 2. d4 Bg7 3. c3 d6 4. f4 e5 5. Nf3 exd4 6. cxd4 Bg4 7. Be2 Nc6 8. Be3 f5 9. e5 dxe5 10. fxe5 Nge7 11. Nc3 Nd5 12. Bg5 Nxc3 13. bxc3 Qd5 14. 0-0 h6 15. Be3 Qe4 16. Qd2 0-0-0 17. Bd3 Qd5 18. Ne1 Kb8 19. Qb2 Na5 20. Rb1 b6 21. Qb4 Bf8 22. Qa4 Ka8 23. Rb5 Qe6 24. h3 Bh5 25. g4 fxg4 26. Rf6 Qd7 27. Rxa5 Qxa4 28. Rxa4 gxh3 29. d5 Bg7 30. Re6 Rhe8 31. Rxe8 Rxe8 32. e6 Bxc3 33. Bb5 Rg8 34. Bc6+ Kb8 35. Nd3 g5 36. Bd4 Bd2 37. Ne5 a5 38. Nd7+ Kc8 39. Nf6 Bd1 40. Nxg8 Bf4 41. d6 1-0

[Event "Conegliano op"]
[Site "Conegliano"]
[Date "2008.06.01"]
[Round "4"]
[White "Jovanic, Ognjen"]
[Black "De Val, Daniele"]
[Result "1-0"]
[WhiteElo "2504"]
[BlackElo "2208"]
[PlyCount "143"]
[EventDate "2008.05.31"]
[EventType "swiss"]
[EventRounds "6"]
[EventCountry "ITA"]
[SourceTitle "CBM 124 Extra"]
[Source "ChessBase"]
[SourceDate "2008.07.03"]
[SourceVersion "1"]
[SourceVersionDate "2008.07.03"]
[SourceQuality "1"]

1. d4 Nf6 2. Nf3 e6 3. c4 Bb4+ 4. Nbd2 0-0 5. a3 Bxd2+ 6. Bxd2 Ne4 7. Bf4 d6 8. e3 f5 9. Be2 Nd7 10. h3 b6 11. 0-0 Bb7 12. Bh2 Qe8 13. Qc2 Qg6 14. Rfd1 Ndf6 15. c5 Bd5 16. cxd6 cxd6 17. Rac1 Ng4 18. Rf1 Nxh2 19. Kxh2 f4 20. Bd3 fxe3 21. fxe3 Qg3+ 22. Kh1 Nf6 23. Kg1 Bb7 24. Qf2 Qxf2+ 25. Rxf2 Rac8 26. Rfc2 Rxc2 27. Rxc2 Rc8 28. Ng5 Rxc2 29. Bxc2 e5 30. dxe5 dxe5 31. Kf2 g6 32. Nf3 Nd7 33. b4 Bc6 34. g4 Kf7 35. g5 Ke6 36. e4 Nf8 37. Nd2 Ke7 38. Nc4 Nd7 39. a4 b5 40. Na5 Kd6 41. Ke3 Nf8 42. h4 Bd7 43. Nb7+ Kc7 44. Nc5 Bc6 45. a5 Kd6 46. Bb3 Be8 47. Bg8 Bc6 48. Nd3 Bd7 49. Nc5 Bc6 50. Kf3 Be8 51. Kg4 Bc6 52. Bf7 Ke7 53. Bb3 Kd6 54. Kf3 Bd7 55. Ke3 Bc6 56. Nd3 Bd7 57. Nf2 Be6 58. Bd1 Bd7 59. Be2 Kc7 60. Nd1 Bc6 61. Nc3 a6 62. Nd5+ Bxd5 63. exd5 Kd6 64. Ke4 Nd7 65. Bg4 Nf8 66. Bh3 h6 67. gxh6 Nh7 68. Be6 Nf6+ 69. Kf3 Ke7 70. Bc8 e4+ 71. Ke2 Kd6 72. Bxa6 1-0

[Event "Conegliano op"]
[Site "Conegliano"]
[Date "2008.05.31"]
[Round "1"]
[White "De Val, Daniele"]
[Black "Pelosin, Matteo"]
[Result "1-0"]
[WhiteElo "2208"]
[BlackElo "1932"]
[PlyCount "57"]
[EventDate "2008.05.31"]
[EventType "swiss"]
[EventRounds "6"]
[EventCountry "ITA"]
[SourceTitle "CBM 124 Extra"]
[Source "ChessBase"]
[SourceDate "2008.07.03"]
[SourceVersion "1"]
[SourceVersionDate "2008.07.03"]
[SourceQuality "1"]

1. d4 e6 2. c4 d5 3. cxd5 exd5 4. Nc3 Nf6 5. Bg5 Be7 6. e3 c6 7. Qc2 0-0 8. Bd3 Nbd7 9. Nge2 Re8 10. 0-0 g6 11. f3 Qb6 12. Kh1 Nf8 13. e4 Ne6 14. Be3 Bf8 15. e5 Nd7 16. f4 f6 17. f5 fxe5 18. fxe6 Rxe6 19. Qd2 exd4 20. Bxd4 c5 21. Nxd5 Qd6 22. Nef4 Bh6 23. Be3 Re5 24. Bc4 Kg7 25. Nh5+ Rxh5 26. Bxh6+ Rxh6 27. Rf7+ Kxf7 28. Nf6+ Ke7 29. Ng8+ 1-0

[Event "Nova Gorica op-B 13th"]
[Site "Nova Gorica"]
[Date "2008.02.01"]
[Round "9"]
[White "Laco, Giuseppe"]
[Black "De Val, Daniele"]
[Result "1-0"]
[WhiteElo "2154"]
[BlackElo "2186"]
[PlyCount "103"]
[EventDate "2008.01.26"]
[EventType "swiss"]
[EventRounds "9"]
[EventCountry "SLO"]
[SourceTitle "EXT 2010"]
[Source "ChessBase"]
[SourceDate "2010.11.25"]
[SourceVersion "1"]
[SourceVersionDate "2010.11.25"]
[SourceQuality "1"]

1. c4 g6 2. d4 Bg7 3. e4 d6 4. Nc3 e5 5. d5 f5 6. Nf3 Nf6 7. Bd3 Na6 8. b4 0-0 9. a3 h6 10. h3 Kh7 11. Qe2 c5 12. Rb1 b6 13. b5 Nb8 14. a4 Nh5 15. g3 Nf6 16. Bb2 fxe4 17. Nxe4 Nxe4 18. Bxe4 Bf5 19. Nd2 a5 20. g4 Bxe4 21. Nxe4 Ra7 22. h4 Raf7 23. Bc1 Qe7 24. Rb3 Nd7 25. Rbh3 Kg8 26. Bxh6 Bxh6 27. g5 Bg7 28. h5 Rf4 29. Rg3 Kf7 30. hxg6+ Ke8 31. Rh7 Rxe4 32. Qxe4 Rf4 33. Qe2 Nf8 34. Rg4 Nxh7 35. gxh7 Rf8 36. Rg2 Qf7 37. Qg4 Qf5 38. Qxf5 Rxf5 39. Rg4 Rf8 40. g6 Ke7 41. Ke2 Kf6 42. f4 Kf5 43. Kf3 e4+ 44. Kg3 Re8 45. Rg5+ Kf6 46. Kf2 Bh6 47. Rg4 e3+ 48. Ke2 Kg7 49. f5 Rf8 50. Re4 Rxf5 51. Re8 Rf2+ 52. Ke1 1-0

[Event "Nova Gorica op-B 13th"]
[Site "Nova Gorica"]
[Date "2008.01.27"]
[Round "4"]
[White "De Val, Daniele"]
[Black "Ursic, Simona"]
[Result "1-0"]
[WhiteElo "2186"]
[BlackElo "2090"]
[PlyCount "107"]
[EventDate "2008.01.26"]
[EventType "swiss"]
[EventRounds "9"]
[EventCountry "SLO"]
[SourceTitle "EXT 2010"]
[Source "ChessBase"]
[SourceDate "2010.11.25"]
[SourceVersion "1"]
[SourceVersionDate "2010.11.25"]
[SourceQuality "1"]

1. d4 Nf6 2. c4 d6 3. Nc3 Nbd7 4. e4 e5 5. Nf3 c6 6. Be2 Be7 7. 0-0 a6 8. b4 0-0 9. a3 Qc7 10. h3 Re8 11. Be3 Nf8 12. d5 Ng6 13. Qd2 b6 14. dxc6 Qxc6 15. Nd5 Nxe4 16. Qc2 f5 17. Nxb6 f4 18. Nxc8 Raxc8 19. Bc1 Nh4 20. c5 d5 21. Nxe5 Qf6 22. Bb2 Qg5 23. Bg4 h5 24. Nf3 Qg6 25. Nxh4 Bxh4 26. Bxc8 f3 27. g3 Rxc8 28. Be5 Qe6 29. Qd3 Ng5 30. Rfe1 Nxh3+ 31. Kh2 Nxf2 32. Qxf3 Rf8 33. Bf4 Qh3+ 34. Kg1 Ne4 35. Qg2 Qg4 36. Rf1 Bf6 37. Rad1 Nc3 38. Rd2 Re8 39. Qf3 Bd4+ 40. Kh2 Bf6 41. Qxg4 hxg4 42. c6 d4 43. c7 Kf7 44. Bg5 Rc8 45. Bxf6 gxf6 46. Rxd4 Rxc7 47. Rc1 Rc8 48. Kg2 Ne2 49. Rd7+ Ke6 50. Rxc8 Kxd7 51. Ra8 Nd4 52. Rxa6 f5 53. a4 Nc6 54. Rb6 1-0

[Event "Nova Gorica op-B 13th"]
[Site "Nova Gorica"]
[Date "2008.01.26"]
[Round "2"]
[White "De Val, Daniele"]
[Black "Nardin, Flavij"]
[Result "1-0"]
[WhiteElo "2186"]
[BlackElo "1996"]
[PlyCount "63"]
[EventDate "2008.01.26"]
[EventType "swiss"]
[EventRounds "9"]
[EventCountry "SLO"]
[SourceTitle "EXT 2010"]
[Source "ChessBase"]
[SourceDate "2010.11.25"]
[SourceVersion "1"]
[SourceVersionDate "2010.11.25"]
[SourceQuality "1"]

1. d4 d5 2. c4 c6 3. Nc3 Nf6 4. cxd5 cxd5 5. Nf3 Nc6 6. Bf4 a6 7. e3 e6 8. Bd3 Bd6 9. Ne5 Bd7 10. Nxf7 Kxf7 11. Bxd6 Ne7 12. Bxe7 Qxe7 13. 0-0 Rhf8 14. Qe2 Kg8 15. f4 g6 16. g4 Rae8 17. g5 Nh5 18. Rac1 Qd6 19. Rc2 Rf7 20. Qg2 Bc6 21. Nd1 Qb4 22. Qe2 Qd6 23. Nf2 Nxf4 24. exf4 Rxf4 25. Ng4 Ref8 26. Nh6+ Kg7 27. Rxf4 Qxf4 28. Qe5+ Qxe5 29. dxe5 Rf3 30. Rf2 Rxf2 31. Kxf2 b5 32. Ke3 1-0

[Event "ITA-chT"]
[Site "Palermo"]
[Date "2007.04.22"]
[Round "5"]
[White "De Val, Daniele"]
[Black "Aglietti, Graziano"]
[Result "1-0"]
[WhiteElo "2182"]
[BlackElo "2054"]
[PlyCount "61"]
[EventDate "2007.04.20"]
[EventType "team"]
[EventRounds "5"]
[EventCountry "ITA"]
[SourceTitle "CBM 117 Extra"]
[Source "ChessBase"]
[SourceDate "2007.05.09"]
[SourceVersion "1"]
[SourceVersionDate "2007.05.09"]
[SourceQuality "1"]

1. d4 d5 2. Nf3 Nf6 3. Bg5 e6 4. e3 c5 5. c3 h6 6. Bh4 Nc6 7. Ne5 Qc7 8. f4 Ne4 9. Nd2 cxd4 10. exd4 Nd6 11. Bd3 Nc4 12. Ndxc4 dxc4 13. Be4 Bd7 14. Qh5 Nxe5 15. fxe5 Bc6 16. Bxc6+ Qxc6 17. 0-0 g6 18. Qe2 Bg7 19. Qf2 Qc7 20. Rae1 0-0 21. Re3 b5 22. Rh3 g5 23. Bg3 Qb7 24. Qe2 Qd5 25. Rh5 b4 26. h4 gxh4 27. Bxh4 bxc3 28. bxc3 Rab8 29. Bf6 Kh7 30. Bxg7 Rg8 31. Bxh6 1-0